|
|
|
|
| LEADER |
01267nam a22002537a 4500 |
| 001 |
41408 |
| 003 |
BD-DhAAL |
| 005 |
20230829160718.0 |
| 008 |
230809t1999 nyua|||| |||| 001 0 eng d |
| 020 |
|
|
|a 0877207593
|
| 040 |
|
|
|a BD-DhAAL
|d BD-DhAAL
|
| 082 |
|
|
|a 808.02
|2 20
|
| 100 |
|
|
|a Sorenson, Sharon.
|9 45483
|
| 245 |
|
|
|a The research paper :
|b a contemporary approach /
|c Sharon Sorenson.
|
| 260 |
|
|
|a New York,
|b Amsco School Publications,
|c ©1999.
|
| 300 |
|
|
|a xiv, 274 pages :
|b illustrations ;
|c 23 cm + teacher's manual with answers
|
| 505 |
|
|
|a Preface
Choosing a topic
Doing the preliminary work
Locating the secondary resources
Preparing bibliography cards
seeking primary resources
Taking notes
Studying a model excerpt: the importancce of good note taking
Writing the final outline
Writing the draft
Revising the draft
Preparing the final manuscript
Proofreading
Analyzing complete models
Comparing other styles
Glossary
Index
|
| 541 |
|
|
|e 41408
|a RS campus, Saver.
|
| 650 |
|
|
|a Report writing.
|
| 650 |
|
|
|a Research.
|
| 852 |
|
|
|a Savar Campus Library
|c General Stacks
|
| 942 |
|
|
|2 ddc
|c BK
|
| 999 |
|
|
|c 46076
|d 46076
|
| 952 |
|
|
|0 0
|1 0
|2 ddc
|4 0
|6 808_020000000000000_SOR
|7 0
|9 74199
|a SCL
|b SCL
|c GEN
|d 2023-08-09
|l 0
|o 808.02 SOR
|p 3020041408
|r 2023-08-09
|t 1
|w 2023-08-09
|y BK
|